<?xml version="1.0" encoding="UTF-8"?>
<record
    xmlns:xsi="http://www.w3.org/2001/XMLSchema-instance"
    xsi:schemaLocation="http://www.loc.gov/MARC21/slim http://www.loc.gov/standards/marcxml/schema/MARC21slim.xsd"
    xmlns="http://www.loc.gov/MARC21/slim">

  <leader>00391nam a22001217a 4500</leader>
  <datafield tag="040" ind1=" " ind2=" ">
    <subfield code="c">RUA</subfield>
  </datafield>
  <datafield tag="082" ind1=" " ind2=" ">
    <subfield code="a">ACI BOB 2009 C160 Or.</subfield>
  </datafield>
  <datafield tag="100" ind1=" " ind2=" ">
    <subfield code="a">BOB MARTIN, &#x1794;&#x1794;&#x17CB; &#x1798;&#x17C9;&#x17B6;&#x1791;&#x17B8;&#x1793; &amp; DEBOAH WHITE, &#x178A;&#x17C1;&#x1794;&#x17BC;&#x179A;&#x17C9;&#x17B6; &#x179C;&#x17C9;&#x17B6;&#x1799;,</subfield>
  </datafield>
  <datafield tag="245" ind1=" " ind2=" ">
    <subfield code="a">&#x1799;&#x17C9;&#x17BC;&#x179A;&#x17C9;&#x17B6;&#x1793;&#x17B8; &#x1793;&#x17B7;&#x1784;&#x179F;&#x17D2;&#x179A;&#x17B9;&#x1784;&#x1794;&#x17C3;&#x178F;&#x1784;</subfield>
  </datafield>
  <datafield tag="260" ind1=" " ind2=" ">
    <subfield code="a">PHNOM PENH</subfield>
    <subfield code="b">RUA</subfield>
    <subfield code="c">2009</subfield>
  </datafield>
  <datafield tag="300" ind1=" " ind2=" ">
    <subfield code="a">47p.</subfield>
    <subfield code="b">ill.</subfield>
    <subfield code="c">25cm,</subfield>
  </datafield>
  <datafield tag="942" ind1=" " ind2=" ">
    <subfield code="c">KB</subfield>
  </datafield>
  <datafield tag="999" ind1=" " ind2=" ">
    <subfield code="c">25530</subfield>
    <subfield code="d">25530</subfield>
  </datafield>
  <datafield tag="952" ind1=" " ind2=" ">
    <subfield code="0">0</subfield>
    <subfield code="1">0</subfield>
    <subfield code="4">0</subfield>
    <subfield code="6">ACI_BOB_2009_000000000000000_C160_OR</subfield>
    <subfield code="7">0</subfield>
    <subfield code="9">105917</subfield>
    <subfield code="a">LBC</subfield>
    <subfield code="b">LBC</subfield>
    <subfield code="c">C160</subfield>
    <subfield code="d">2026-03-03</subfield>
    <subfield code="o">ACI BOB 2009 C160 Or.</subfield>
    <subfield code="p">C034357</subfield>
    <subfield code="r">2026-03-03</subfield>
    <subfield code="y">KB</subfield>
  </datafield>
</record>
